000 00478nam a2200181Ia 4500
001 13994
003 IN-NITTTR
005 20251114233131.0
008 251113s9999||||xx |||||||||||||| ||eng||
040 _beng
040 _cIN-NITTTR
041 _aeng
082 _a537.5353 G794 E
100 _aGray, Paul E.
245 0 _aElectronics principles :
_b Physics,models,and circuits /
_cGray, Paul E., Searle, Campbell L.
700 _a Searle, Campbell L.
942 _2ddc
_cBK
999 _c16630
_d16630